000 00329 a2200145 4500
001 155422
040 _cEscola São Tomás de Aquino
100 _aTERRA, Ernani
240 1 0 _aPráticas de linguagem
_lpor
245 1 0 _aPráticas de linguagem
300 _a448
362 0 _a2010
697 _aLíngua portuguesa
942 _cBK
999 _c155422
_d155422